| 000 | 00341nam a22001337a 4500 | ||
|---|---|---|---|
| 020 | _a9788178002248 | ||
| 082 |
_a551.49 _bSAR/HY |
||
| 245 | _aHydrology And Watershed Management - III, Vol- II | ||
| 260 |
_aHyderabad _bBS Publications _c2010 |
||
| 300 | _a1453 | ||
| 700 |
_aSarala,C _9401 |
||
| 700 |
_aVenkateswara Rao,B _9399 |
||
| 942 | _cBK | ||
| 999 |
_c14461 _d14461 |
||